[Event "CRO Cup"]
[Site "Mali Losinj"]
[Date "2025.05.17"]
[Round "5.2"]
[White "Tomulic, Teo"]
[Black "Nemec, Vjekoslav"]
[Result "0-1"]
[WhiteElo "2359"]
[BlackElo "2281"]
[PlyCount "88"]
[EventDate "2025.05.14"]
[EventType "team-tourn"]
[EventRounds "6"]
[EventCountry "CRO"]
[SourceTitle "CB21_2025"]
[SourceDate "2025.05.21"]
[SourceVersion "1"]
[SourceVersionDate "2025.05.21"]
[SourceQuality "1"]
[WhiteTeam "Zagreb Novi"]
[BlackTeam "Dugo Selo"]
[WhiteTeamCountry "CRO"]
[BlackTeamCountry "CRO"]

1. e4 c5 2. Nf3 d6 3. d4 cxd4 4. Nxd4 Nf6 5. Nc3 a6 6. Bg5 e6 7. f4 Be7 8. Qf3 Qc7 9. 0-0-0 Nbd7 10. g4 b5 11. Bxf6 Nxf6 12. Bg2 Bb7 13. g5 Nd7 14. a3 0-0 15. h4 b4 16. axb4 a5 17. b5 a4 18. Na2 Nc5 19. Rhe1 Rfc8 20. Kb1 a3 21. b3 Bf8 22. Qf2 e5 23. Nf5 Ra5 24. Qe2 Ne6 25. c4 g6 26. Nh6+ Bxh6 27. gxh6 Nxf4 28. Qd2 Raa8 29. Bf1 Rd8 30. Qf2 Qe7 31. b4 Ne6 32. Rc1 Nd4 33. Rc3 Rf8 34. c5 dxc5 35. bxc5 Rab8 36. Ka1 Rfc8 37. c6 Bxc6 38. bxc6 Rb2 39. Qg3 Nc2+ 40. Rxc2 Rxc2 41. Bb5 Qc5 42. Qd3 Qf2 43. Qxc2 Qxc2 44. Rb1 Rd8 0-1

[Event "CRO-chT1A 32nd"]
[Site "Veli Losinj"]
[Date "2024.10.11"]
[Round "7.5"]
[White "Zufic, Miroslav"]
[Black "Tomulic, Teo"]
[Result "1/2-1/2"]
[WhiteElo "2339"]
[BlackElo "2346"]
[PlyCount "76"]
[EventDate "2024.10.05"]
[EventType "team-tourn"]
[EventRounds "9"]
[EventCountry "CRO"]
[SourceTitle "CB47_2024"]
[SourceDate "2024.11.20"]
[SourceVersion "1"]
[SourceVersionDate "2024.11.20"]
[SourceQuality "1"]
[WhiteTeam "Pula"]
[BlackTeam "Zagreb Novi Zagreb"]
[WhiteTeamCountry "CRO"]
[BlackTeamCountry "CRO"]

1. e4 c5 2. Nf3 d6 3. d4 Nf6 4. Nc3 cxd4 5. Nxd4 a6 6. g3 e5 7. Nb3 b5 8. Bg2 Be7 9. 0-0 0-0 10. a4 b4 11. Nd5 a5 12. c3 bxc3 13. Nxc3 Nc6 14. Nb5 Bg4 15. Bf3 Bxf3 16. Qxf3 d5 17. exd5 Qxd5 18. Qxd5 Nxd5 19. Bd2 Rfd8 20. Rfc1 Ndb4 21. Rc4 Rd3 22. Bc3 f6 23. Kg2 Kf7 24. Rc1 Ra6 25. h4 Na2 26. Rc2 Nxc3 27. R2xc3 Rxc3 28. bxc3 Rb6 29. Kf3 Ke6 30. Re4 f5 31. Re1 g6 32. Rd1 Rb7 33. Ke2 Bf8 34. Nd2 Rd7 35. Rb1 Kd5 36. Rd1 Ke6 37. Rb1 Kd5 38. Rd1 Ke6 1/2-1/2

[Event "CRO Cup"]
[Site "Vodice"]
[Date "2022.05.22"]
[Round "6.6"]
[White "Fercec, Nenad"]
[Black "Tomulic, Teo"]
[Result "1/2-1/2"]
[WhiteElo "2415"]
[BlackElo "2347"]
[PlyCount "60"]
[EventDate "2022.05.18"]
[EventType "team-swiss"]
[EventRounds "6"]
[EventCountry "CRO"]
[SourceTitle "CBM 208 Extra"]
[Source "ChessBase"]
[SourceDate "2022.07.31"]
[SourceVersion "1"]
[SourceVersionDate "2022.07.31"]
[SourceQuality "1"]
[WhiteTeam "Pula"]
[BlackTeam "Rijeka Junior"]
[WhiteTeamCountry "CRO"]
[BlackTeamCountry "CRO"]

1. e4 e5 2. Nf3 Nc6 3. Bb5 a6 4. Ba4 Nf6 5. d3 Bc5 6. 0-0 d6 7. c3 b5 8. Bb3 Bb6 9. h3 h6 10. Be3 Rb8 11. Bxb6 Rxb6 12. Nbd2 0-0 13. d4 Re8 14. Re1 Bd7 15. Bc2 Rb8 16. Nf1 Nh7 17. dxe5 Nxe5 18. Nxe5 dxe5 19. Ne3 Nf6 20. Qf3 Qe7 21. Bb3 Rbd8 22. Rad1 Bc8 23. Nd5 Nxd5 24. Bxd5 Rd6 25. Bb3 Red8 26. Rxd6 Rxd6 27. Rd1 Be6 28. Bxe6 Qxe6 29. Rxd6 Qxd6 30. Qe2 Kf8 1/2-1/2

[Event "Oskarja Memorial 10th"]
[Site "Chess.com INT"]
[Date "2021.01.16"]
[Round "10"]
[White "Peric, Bernard"]
[Black "Tomulic, Teo"]
[Result "0-1"]
[WhiteElo "2196"]
[BlackElo "2174"]
[PlyCount "122"]
[EventDate "2021.01.16"]
[EventType "swiss (blitz)"]
[EventRounds "15"]
[EventCountry "SLO"]
[SourceTitle "CBM 200 Extra"]
[Source "ChessBase"]
[SourceDate "2021.03.31"]
[SourceVersion "1"]
[SourceVersionDate "2021.03.31"]
[SourceQuality "1"]

1. d4 Nf6 2. e3 c5 3. Bd3 g6 4. Nf3 Bg7 5. 0-0 b6 6. e4 cxd4 7. Nxd4 0-0 8. Nc3 Bb7 9. e5 Nd5 10. Nxd5 Bxd5 11. Re1 Nc6 12. Nxc6 Bxc6 13. Bf4 Qc7 14. Qd2 Qb7 15. Bf1 Rfe8 16. Rad1 Rad8 17. c4 Rc8 18. b3 a6 19. Bh6 Bh8 20. h3 b5 21. c5 Ra8 22. a3 a5 23. h4 a4 24. b4 Rad8 25. h5 Qb8 26. hxg6 hxg6 27. Qf4 Qc8 28. Rd3 d6 29. e6 Bf6 30. cxd6 fxe6 31. Rg3 Kf7 32. Qg4 Rg8 33. Bd3 Ke8 34. Bxg6+ Rxg6 35. Qxg6+ Kd7 36. dxe7 Kxe7 37. Bg5 Bxg5 38. Qxg5+ Kd7 39. Rd1+ Bd5 40. Qg7+ Kc6 41. Rc3+ Bc4 42. Rxd8 Qxd8 43. Qe5 Qd1+ 44. Kh2 Qd7 45. Qc5+ Kb7 46. Rxc4 bxc4 47. b5 Qh7+ 48. Kg1 Qb1+ 49. Kh2 Qd3 50. Qc6+ Kb8 51. Qb6+ Kc8 52. Qc6+ Kd8 53. b6 Qd4 54. b7 Qe5+ 55. Kg1 Qe1+ 56. Kh2 Qe5+ 57. Kg1 Qb8 58. Qxc4 Ke7 59. Qxe6+ Kxe6 60. g3 Qxb7 61. Kh2 Qb3 0-1

[Event "Titled Tuesday intern op 24th Nov"]
[Site "Chess.com INT"]
[Date "2020.11.24"]
[Round "1"]
[White "Jumabayev, Rinat"]
[Black "Tomulic, Teo"]
[Result "1-0"]
[WhiteElo "2654"]
[BlackElo "2357"]
[PlyCount "25"]
[EventDate "2020.11.24"]
[EventType "swiss (blitz)"]
[EventRounds "11"]
[EventCountry "USA"]
[SourceTitle "CBM 199 Extra"]
[Source "ChessBase"]
[SourceDate "2021.01.31"]
[SourceVersion "1"]
[SourceVersionDate "2021.01.31"]
[SourceQuality "1"]

1. d4 Nf6 2. Bf4 d6 3. Nc3 Nbd7 4. Nf3 h6 5. e4 g5 6. Be3 c5 7. dxc5 dxc5 8. h3 Bg7 9. e5 Nh5 10. e6 fxe6 11. Bc4 0-0 12. Nxg5 Kh8 13. Qxh5 1-0

[Event "Trieste Excelsior Palace op 4th"]
[Site "Trieste"]
[Date "2020.01.04"]
[Round "2"]
[White "Ceschia, Ivano"]
[Black "Tomulic, Teo"]
[Result "1-0"]
[WhiteElo "2211"]
[BlackElo "2372"]
[PlyCount "123"]
[EventDate "2020.01.03"]
[EventType "swiss"]
[EventRounds "5"]
[EventCountry "ITA"]
[SourceTitle "CBM 194 Extra"]
[Source "ChessBase"]
[SourceDate "2020.03.31"]
[SourceVersion "1"]
[SourceVersionDate "2020.03.31"]
[SourceQuality "1"]

1. d4 Nf6 2. Nf3 e6 3. Bf4 c5 4. e3 Nc6 5. Nbd2 Be7 6. h3 b6 7. c3 0-0 8. Bd3 Bb7 9. Qe2 d5 10. 0-0 Nh5 11. Bh2 f5 12. Ne5 Nxe5 13. Bxe5 Nf6 14. Nf3 Ne4 15. Bh2 Bf6 16. Ne5 Qe7 17. f3 Nd6 18. b4 c4 19. Bc2 a5 20. bxa5 Rxa5 21. a4 Rfa8 22. Rfb1 b5 23. Rb4 bxa4 24. Rbxa4 Rxa4 25. Rxa4 Nb5 26. Qe1 Rxa4 27. Bxa4 Nd6 28. Qb1 Qc7 29. Qb4 Be7 30. Bd7 Bc8 31. Qa4 Bxd7 32. Nxd7 Qb7 33. Bxd6 Bxd6 34. Ne5 Qe7 35. Qa8+ Qf8 36. Qc6 g6 37. e4 fxe4 38. fxe4 Kg7 39. exd5 exd5 40. Qxd5 Qb8 41. Qf7+ Kh6 42. Qf4+ Kg7 43. Qf7+ Kh6 44. Qxc4 Qb1+ 45. Qf1 Qb6 46. Nf7+ Kg7 47. Nxd6 Qxd6 48. Qe2 Qa3 49. Qe5+ Kf7 50. d5 Qc5+ 51. Kh2 h5 52. Qe6+ Kg7 53. Qe5+ Kf7 54. Kg3 Qg1 55. Qd4 h4+ 56. Kf3 Qf1+ 57. Qf2 Qd3+ 58. Kg4+ Kg8 59. Qf3 Qc4+ 60. Kg5 Kh7 61. Qf7+ Kh8 62. Kh6 1-0